000
00247nam a2200097Ia 4500
001
714061
005
20250826162858.0
008
250824s9999 xx 000 0 und d
245
0
_a
BEN ÖYKÜLERE İNANIRIM
_c
HABİB BEKTAŞ
260
_b
TUDEM YAYINLARI
999
_c
714061
_d
714061